000 00454nam a2200193Ia 4500
005 20250508151515.0
008 008 250505s9999 xx 000 0 eng d
037 _aBooks to be hide in OPAC
040 _aFEDL
_beng
_cFEDL
041 _aeng
_2eng
084 _qFEDL
100 _aStoddard
245 0 _aEnglish
300 _axii,315p.
546 _aWeeded out
700 _a Bailey Lewis
_9759319
942 _cHB
999 _c1330255
_d1330255